000 00988nam a22002897a 4500
001 BR2015006603
003 BR-BrBNA
005 20230928104746.0
007 ta
008 230509b bl.||||| |||| 00| 0 por d
040 _aBR-BrBNA
_bpor
_cBiblioteca Nacional de Agricultura
041 _a(Por)
072 _aL60
_b8890
_b8500
090 _ 8890 BR2015006603
100 1 _aFreitas, A.C.P. de
110 1 _aUniversidade Federal de Minas Gerais, MG (Brasil)
_0Tese (Mestrado em Ciência Animal)
_910869
245 1 _aDistribuição espaço-temporal dos animais recebidos no centro de triagem de animais silvestres de Belo Horizonte, Minas Gerais, 2003 a 2012
260 3 _aBelo Horizonte, MG (Brasil):
_c2014.
300 _a77 p.
500 _aSummaries (Eng, Por); Bibliography p.52-57; 11 illus.; 16 tables
650 _aEPIDEMIOLOGIA
650 _aGEOGRAFIA
650 _aANIMAL SELVAGEM
650 _aMINAS GERAIS
909 _a202309
_bLucia
_c55
_dLucia Elande
942 _cBK
999 _c81595
_d81595